Karthago : (رقم التسجيلة. 159248)

تفاصيل مارك
000 -LEADER
fixed length control field 01919nmm a2200349 i 4500
007 - PHYSICAL DESCRIPTION FIXED FIELD--GENERAL INFORMATION
fixed length control field sd fsngnnmmned
008 - FIXED-LENGTH DATA ELEMENTS--GENERAL INFORMATION
fixed length control field 210320s2001 ti a 000 0 fre d
040 ## - CATALOGING SOURCE
Original cataloging agency EG-GiCUC
Language of cataloging fre
-- EG-GiCUC
041 1# - LANGUAGE CODE
Language code of text/sound track or separate title fre
Language code of original eng
-- deu
043 ## - GEOGRAPHIC AREA CODE
Geographic area code f-ti---
092 04 - LOCALLY ASSIGNED DEWEY CALL NUMBER (OCLC)
Classification number 961.1
Item number K1894
Edition number 21
099 ## - LOCAL FREE-TEXT CALL NUMBER (OCLC)
Classification number 04
-- 961.1 K1894
245 00 - TITLE STATEMENT
Title Karthago :
Remainder of title les thermes d'antonin
Medium [electronic resource] /
Statement of responsibility, etc. Aic̈ha Ben Abed-Ben Khader; et al.
246 18 - VARYING FORM OF TITLE
Title proper/short title Thermes de Carthage :
Remainder of title thermes d'antonin
260 ## - PUBLICATION, DISTRIBUTION, ETC.
Place of publication, distribution, etc. Tunisie :
Name of publisher, distributor, etc. Edition EPM ,
Date of publication, distribution, etc. 2001
300 ## - PHYSICAL DESCRIPTION
Extent 1 sound disc :
Other physical details digital, stereo. ;
Dimensions 4 3/4 in.
490 0# - SERIES STATEMENT
Series statement Collection culture et archeologie
500 ## - GENERAL NOTE
General note Ce cederom vous permet de decouvrir d une facon simple mais interactive les vestiges les plus impressionnants de carthage : les thermes d antonin leurs faubougs leurs mosaiques et leurs ornements architecturaux
500 ## - GENERAL NOTE
General note Computer File.
500 ## - GENERAL NOTE
General note parc archeologique
521 ## - TARGET AUDIENCE NOTE
Target audience note All General.
538 ## - SYSTEM DETAILS NOTE
System details note Minimum system requirements: Microsoft Windows 98 or later; PII 300; 64 RAM; 8 MB display card running at 800 x 600 true color; 16-bit sound card.; Recommended system requirements: Microsoft Windows XP; PIII 900; 256 MB RAM; 16 MB display card running at 800 x 600 true color; 16-bit sound card.
538 ## - SYSTEM DETAILS NOTE
System details note System requirements for Windows version: IBM PC-AT or 100% compatible; minimum 640KB RAM; minimum 2 MB hard disk space available (6MB for sound); Windows 3.1 or higher; CD-ROM drive with Microsoft CD extensions 2.1 or higher; Soundblaster v. 2.0 or higher for sound (optional); Hayes compatible phone modem for ON-LINE, auto dialer support (optional).
650 #0 - SUBJECT ADDED ENTRY--TOPICAL TERM
Topical term or geographic name entry element Generals
Geographic subdivision Tunisia
-- Carthage (Extinct city).
651 #0 - SUBJECT ADDED ENTRY--GEOGRAPHIC NAME
Geographic name Tunisia
General subdivision Civilization.
651 #0 - SUBJECT ADDED ENTRY--GEOGRAPHIC NAME
Geographic name Tunisia
General subdivision Description and travel.
700 1# - ADDED ENTRY--PERSONAL NAME
Personal name Ben Khader, Aic̈ha ben Abed
902 ## - LOCAL DATA ELEMENT B, LDB (RLIN)
No. of Items 1
905 ## - LOCAL DATA ELEMENT E, LDE (RLIN)
Cataloger Ghada
Reviser Rev.
905 ## - LOCAL DATA ELEMENT E, LDE (RLIN)
Cataloger hanan
Reviser Cat.
942 ## - ADDED ENTRY ELEMENTS (KOHA)
Source of classification or shelving scheme Dewey Decimal Classification
Koha item type Books
المقتنيات
Source of classification or shelving scheme Not for loan Home library Current library Date acquired Full call number Barcode Date last seen Copy number Koha item type
Dewey Decimal Classification   المكتبة المركزبة الجديدة - جامعة القاهرة قاعة الوسائط المتعددة - الدور الثالث 11.02.2024 961.1 K1894 M.M. 01070110000877000 23.09.2023 C.1 CD - Rom
Cairo University Libraries Portal Implemented & Customized by: Eng. M. Mohamady Contacts: new-lib@cl.cu.edu.eg | cnul@cl.cu.edu.eg
CUCL logo CNUL logo
© All rights reserved — Cairo University Libraries
CUCL logo
Implemented & Customized by: Eng. M. Mohamady Contact: new-lib@cl.cu.edu.eg © All rights reserved — New Central Library
CNUL logo
Implemented & Customized by: Eng. M. Mohamady Contact: cnul@cl.cu.edu.eg © All rights reserved — Cairo National University Library